000 00451pab a2200181 454500
008 180718b2011 xxu||||| |||| 00| 0 eng d
100 _aVere, James P.
245 _aFertility and parents labour supply: New evidence from US census data
260 _c2011
300 _ap.211-231.
362 _aApr
650 _aParents
650 _aLabour supply
650 _aFertility
773 _aOxford Economic Papers
908 _aN
909 _a96700
999 _c96700
_d96700